|
|
|
|
| LEADER |
00789nab#a2200277#ar4500 |
| 001 |
000103424 |
| 003 |
SVKKK |
| 005 |
20101222103733.0 |
| 008 |
060607c2010 xo e slo |
| FMT |
|
|
|
| 038 |
|
|
|a SVKKK
|
| 040 |
|
|
|a SVKKK
|b slo
|e AACR2
|
| 041 |
0 |
|
|a slo
|
| 044 |
|
|
|a xo
|c SK
|
| 080 |
|
|
|a 929 Antoniová, Ivana
|2 1997
|
| 080 |
|
|
|a 373.5
|2 1997
|
| 245 |
1 |
0 |
|a "Energie mám dosť, ale bez dobrého tímu by to nešlo"
|b súčasná riaditeľka Gymnázia M.R. Štefánika, Ivana Antoniová
|c [autor] (ban)
|
| 600 |
1 |
4 |
|a Antoniová, Ivana
|x pedagóg
|z Košice (Slovensko)
|
| 610 |
2 |
4 |
|a Gymnázium M. R. Štefánika (Košice, Slovensko)
|
| 773 |
0 |
|
|t Entrez
|g Zima (2010), s. [34]
|
| 958 |
|
|
|a BX
|
| 974 |
|
|
|a Fav
|
| 992 |
|
|
|a RBX
|
| BAS |
|
|
|
| 852 |
|
|
|a SVKKK
|b BIB
|
| 998 |
|
|
|a REG
|